| 000 | 00591cab a2200217 4500 | ||
|---|---|---|---|
| 001 | ABS41213 | ||
| 008 | 090401t1989 xxu||||| |||| 00| 0 eng d | ||
| 035 | _a(Sirsi) u28857 | ||
| 041 | _aeng | ||
| 100 | _aFowler, D. | ||
| 245 | _aAction station | ||
| 260 | _c1989 | ||
| 350 | _a0 | ||
| 490 |
_aNew Civil Engineer _v(858) 17 August 1989, 24-29(4) |
||
| 520 | _aDescribes the reconstruction of Liverpool Street station and the progress made. | ||
| 650 | _aBRITISH RAIL | ||
| 650 | _aBROADGATE | ||
| 690 | _aBUILDING AND CONSTRUCTION-PROJECTS | ||
| 942 | _n0 | ||
| 948 | _c04/03/1997 | ||
| 999 |
_c19411 _d19411 |
||